00976nam a22002897a 4500001000700000003000900007005001700016007000700033008002700040020001500067040002200082082002600104100002500130245016500155260004000320300003200360650003300392650003500425650003200460650003400492700004100526700001600567700003400583700002100617700002600638700002200664240032DO-SdBNP20240125094347.0240032160321b1978 sp 00| 0 spa d a9686024247 aBPMSUbspacBPMSU 4a649.1bB188t 19812221 aBallabriga, Ángel 10aTu hijo / cBenjamín Spock ; adaptación española por los doctores A. Ballabriga, J. Obiols ; ilustraciones de Dorothea Fox ; traducción por A. Torra. aMadrid : bEdiciones Daimon, c1981 a502 p. : b il. ; c20 cm.  4aDesarrollo infantilvGuías 4aNiños xCuidado e higiene.  4aNutrición de lactantes.  4aDesarrollo infantil vGuías1 aSpock, Benjamind1903-1998tTu hijo 1 aObiols, J. 1 aFox, Dorotheaeilustraciones 12aObiols Vié, J.12aFox, Dorothea, eil. 12aTorra, A., etr.